| 000 | 00751nam a2200241 a 4500 | ||
|---|---|---|---|
| 008 | |||
| 020 | _a0333644212 (pbk.) | ||
| 049 | _aMAIN | ||
| 090 |
_aT58.4 _bCOR |
||
| 100 | 1 | _aCornford, Tony | |
| 245 | 1 | 0 |
_aProject research in information systems : _ba student`s guide / _cTony Cornford and Steve Smithson. |
| 260 |
_aHampshire : _bMacmillan Press Ltd, _c1996. |
||
| 300 |
_axi, 177 p. : _bill. ; _c23 cm. |
||
| 500 | _aIncludes bibliographical references. | ||
| 500 | _aIncludes index. | ||
| 650 | 1 |
_aInformation systems _vresearch. |
|
| 700 | _aSmithson, Steve. | ||
| 907 |
_a.b10284631 _b06-10-10 _c30-09-10 |
||
| 003 | |||
| 005 | 20230123125049.0 | ||
| 040 | _cNUST | ||
| 942 |
_cBOOKS _kT58.4 _mCOR |
||
| 999 |
_c135072 _d135072 |
||